[Event "21st Open"]
[Site "Reykjavik ISL"]
[Date "2004.03.08"]
[Round "2"]
[White "Sutovsky,E"]
[Black "Votava,J"]
[Result "1/2-1/2"]
[WhiteElo "2666"]
[BlackElo "2505"]
[EventDate "2004.03.07"]

1. e4 c5 2. Nf3 e6 3. d4 cxd4 4. Nxd4 a6 5. Nc3 b5 6. Bd3 d6 7. O-O Nf6 8.
f4 Bb7 9. Kh1 Nbd7 10. Qe2 Nc5 11. b4 Nxd3 12. cxd3 Be7 13. a4 bxa4 14.
Nxa4 O-O 15. Be3 Nd7 16. Rac1 Rc8 17. Rxc8 Qxc8 18. Rc1 Qb8 19. Qc2 Rc8 20.
Qb3 Rxc1+ 21. Bxc1 Qc7 22. Be3 1/2-1/2

[Event "21st Open"]
[Site "Reykjavik ISL"]
[Date "2004.03.08"]
[Round "2"]
[White "Kjartansson,D"]
[Black "Bergsson,St"]
[Result "1-0"]
[WhiteElo "2267"]
[BlackElo "2036"]
[EventDate "2004.03.07"]

1. e4 e5 2. Nf3 Nc6 3. Bb5 a6 4. Ba4 d6 5. O-O Nge7 6. Re1 Ng6 7. c3 Be7 8.
d4 Bd7 9. Nbd2 O-O 10. Nf1 exd4 11. cxd4 b5 12. Bb3 Bg4 13. Be3 Na5 14. h3
Nxb3 15. axb3 Bc8 16. Qc2 Bb7 17. Ng3 Bf6 18. Nh5 Be7 19. d5 Re8 20. Qc3
Bf8 21. Bg5 Qd7 22. Bf6 Ne5 23. Nxe5 dxe5 24. Nxg7 h6 25. Nxe8 Rxe8 26.
Rac1 Ra8 27. Qxe5 Kh7 28. Qg3 1-0

[Event "21st Open"]
[Site "Reykjavik ISL"]
[Date "2004.03.08"]
[Round "2"]
[White "Thorfinnsson,Bj"]
[Black "Halldorsson,H"]
[Result "1-0"]
[WhiteElo "2340"]
[BlackElo "2159"]
[EventDate "2004.03.07"]

1. d4 Nf6 2. Nf3 g6 3. Bg5 Bg7 4. e3 O-O 5. Nbd2 d5 6. Bd3 Nbd7 7. c3 Qe8
8. Bf4 c6 9. Qc2 Nh5 10. Bc7 f5 11. h3 f4 12. e4 e5 13. O-O-O exd4 14. cxd4
Qe7 15. exd5 cxd5 16. Qb3 Ndf6 17. Be5 Be6 18. Ng5 Nd7 19. Nxe6 Rfc8+ 20.
Kb1 Bxe5 21. Qxd5 Qf7 22. dxe5 Rc6 23. Bc4 Nb6 24. Qxc6 bxc6 25. Ng5 Qxc4
26. Nxc4 Nxc4 27. e6 Re8 28. Rhe1 h6 29. Nf7 1-0

[Event "21st Open"]
[Site "Reykjavik ISL"]
[Date "2004.03.08"]
[Round "2"]
[White "Ingolfsdottir,H"]
[Black "Thorsteinsson,T"]
[Result "0-1"]
[WhiteElo "2051"]
[BlackElo "2278"]
[EventDate "2004.03.07"]

1. e4 c5 2. Nf3 Nc6 3. d4 cxd4 4. Nxd4 g6 5. Nc3 Bg7 6. Be3 Nf6 7. f3 O-O
8. Qd2 d5 9. Nxc6 bxc6 10. O-O-O Be6 11. exd5 cxd5 12. Bh6 Qa5 13. Bxg7
Kxg7 14. h4 h5 15. Be2 Rab8 16. g4 d4 17. Qxd4 Rb4 18. Qd2 hxg4 19. h5 g5
20. fxg4 Kh6 21. Rdf1 Qb6 22. Rxf6+ exf6 23. Rf1 Qd4 24. Qe1 Rfb8 25. b3
Rc8 26. Bc4 Bxc4 27. bxc4 Rbxc4 28. Qe7 R4c6 29. Qxf7 Qe3+ 30. Kd1 Rd8+ 31.
Nd5 Rxd5+ 32. Qxd5 Rb6 33. Qb3 Rd6+ 0-1

[Event "21st Open"]
[Site "Reykjavik ISL"]
[Date "2004.03.08"]
[Round "2"]
[White "Romanishin,O"]
[Black "Gunnarsson,J"]
[Result "1/2-1/2"]
[WhiteElo "2537"]
[BlackElo "2376"]
[EventDate "2004.03.07"]

1. d4 Nf6 2. Nf3 c5 3. d5 b5 4. Bg5 Ne4 5. Bh4 Bb7 6. e3 Qb6 7. Qd3 f5 8.
Nbd2 Na6 9. Nxe4 Nb4 10. Nf6+ exf6 11. Qxf5 Bxd5 12. c3 Be6 13. Qb1 Nd5 14.
Bd3 g6 15. O-O Bg7 16. Rd1 Ne7 17. a4 bxa4 18. Nd2 O-O 19. Rxa4 Nf5 20.
Bxf5 Bxf5 21. e4 Be6 1/2-1/2

[Event "21st Open"]
[Site "Reykjavik ISL"]
[Date "2004.03.08"]
[Round "2"]
[White "Bromann,T"]
[Black "Maack,K"]
[Result "1-0"]
[WhiteElo "2371"]
[BlackElo "2176"]
[EventDate "2004.03.07"]

1. e4 e6 2. d4 d5 3. Nc3 Bb4 4. Bd3 c5 5. exd5 Qxd5 6. Bd2 Bxc3 7. Bxc3 Nf6
8. dxc5 Bd7 9. Nf3 Qxc5 10. Qd2 Nc6 11. b4 Qd5 12. Qf4 O-O-O 13. O-O e5 14.
Nxe5 Nxe5 15. Qxe5 Qxe5 16. Bxe5 Nd5 17. a3 f6 18. Bg3 g6 19. Rfe1 Rde8 20.
f3 Nc7 21. Kf2 Bc6 22. h4 b6 23. h5 Rhg8 24. Rxe8+ Bxe8 25. Re1 g5 26. Re7
Nd5 27. Rxa7 1-0

[Event "21st Open"]
[Site "Reykjavik ISL"]
[Date "2004.03.08"]
[Round "2"]
[White "Fridjonsson,J"]
[Black "Kononenko,T"]
[Result "0-1"]
[WhiteElo "2176"]
[BlackElo "2353"]
[EventDate "2004.03.07"]

1. g3 d5 2. Bg2 c6 3. Nf3 Nf6 4. O-O Bg4 5. d3 Nbd7 6. Nbd2 e5 7. h3 Bxf3
8. Nxf3 Bd6 9. e4 O-O 10. Qe2 Re8 11. Nh4 dxe4 12. dxe4 Bc5 13. c3 a5 14.
Nf5 Qc7 15. Bg5 h6 16. Bd2 a4 17. Rad1 Bf8 18. Rfe1 Nc5 19. Qf3 Re6 20. Bf1
b5 21. h4 Rd8 22. g4 Nxg4 23. c4 h5 24. cxb5 g6 25. Bc4 gxf5 26. Bxe6 Nxe6
27. Qxf5 Ng7 28. Qf3 Bc5 29. Bg5 Rxd1 30. Rxd1 cxb5 31. Rd8+ Kh7 32. Kg2
Bxf2 33. Qd3 Bd4 0-1

[Event "21st Open"]
[Site "Reykjavik ISL"]
[Date "2004.03.08"]
[Round "2"]
[White "Lehikoinen,P"]
[Black "Gunnarsson,R"]
[Result "1-0"]
[WhiteElo "2234"]
[BlackElo "2016"]
[EventDate "2004.03.07"]

1. d4 Nf6 2. c4 e6 3. Nf3 b6 4. g3 Bb7 5. Bg2 d5 6. O-O g6 7. Ne5 Bg7 8.
Qa4+ c6 9. Nc3 O-O 10. Rd1 a6 11. cxd5 cxd5 12. Bg5 b5 13. Qb3 Qe7 14. e4
b4 15. exd5 bxc3 16. d6 Qxd6 17. Qxb7 cxb2 18. Rab1 Nbd7 19. Nxd7 Nxd7 20.
Bf4 Qe7 21. Bc6 Rad8 22. Bc7 Rc8 23. Ba5 Qg5 24. Bd2 Qg4 25. Bxd7 Rb8 26.
Qxa6 Bxd4 27. Bf4 Ra8 28. Qd3 Bf6 29. a4 Rfd8 30. Bc7 Rf8 31. Bb6 Qb4 32.
Bd4 Bxd4 33. Qxd4 Qxd4 34. Rxd4 Rfd8 35. Rxb2 1-0

[Event "21st Open"]
[Site "Reykjavik ISL"]
[Date "2004.03.08"]
[Round "2"]
[White "Pogorelov,R"]
[Black "Hillarp Persson,T"]
[Result "1-0"]
[WhiteElo "2451"]
[BlackElo "2530"]
[EventDate "2004.03.07"]

1. Nf3 Nf6 2. c4 g6 3. Nc3 Bg7 4. e4 d6 5. d4 O-O 6. Be2 e5 7. O-O Nc6 8.
d5 Ne7 9. b4 a5 10. Ba3 Nh5 11. c5 axb4 12. Bxb4 Nf4 13. cxd6 cxd6 14. Nb5
Ra6 15. Bc4 g5 16. Nd2 g4 17. Re1 f5 18. Bf1 Rf6 19. a4 Rh6 20. Rc1 Bd7 21.
g3 Qe8 22. gxf4 exf4 23. Rc7 Qh5 24. h3 Qg5 25. exf5 gxh3+ 26. Kh2 Nxf5 27.
Rxd7 Be5 28. Nf3 Qg3+ 29. fxg3 fxg3+ 30. Kh1 h2 31. Bg2 1-0

[Event "21st Open"]
[Site "Reykjavik ISL"]
[Date "2004.03.08"]
[Round "2"]
[White "Erenburg,S"]
[Black "Steindorsson,S"]
[Result "1/2-1/2"]
[WhiteElo "2523"]
[BlackElo "2218"]
[EventDate "2004.03.07"]

1. e4 c5 2. Nf3 e6 3. d3 Nc6 4. g3 d6 5. Bg2 Nf6 6. O-O Be7 7. c3 O-O 8.
Re1 Re8 9. d4 cxd4 10. cxd4 b5 11. d5 Ne5 12. dxe6 Bxe6 13. Nd4 Rc8 14.
Nxe6 fxe6 15. Nc3 a6 16. Ne2 d5 17. exd5 exd5 18. Nd4 Bc5 19. Bf4 Ne4 20.
Be3 Nc4 21. Bh3 Nxe3 22. fxe3 Bxd4 23. Qxd4 Rc2 24. Rad1 Qg5 25. Bg2 h6 26.
Rf1 Nf6 27. Rd3 Qe5 28. Qxe5 Rxe5 29. Rf2 Rc1+ 30. Rf1 Rc2 31. Rf2 Rc1+ 32.
Rf1 Rc2 1/2-1/2

[Event "21st Open"]
[Site "Reykjavik ISL"]
[Date "2004.03.08"]
[Round "2"]
[White "Ardaman,M"]
[Black "Stefansson,H"]
[Result "1-0"]
[WhiteElo "2307"]
[BlackElo "2572"]
[EventDate "2004.03.07"]

1. g3 d5 2. Bg2 c6 3. d3 Nf6 4. Nd2 e5 5. b3 Bd6 6. Bb2 O-O 7. e3 Re8 8.
Ne2 Nbd7 9. h3 Nf8 10. a3 b5 11. O-O Rb8 12. c4 bxc4 13. dxc4 Bf5 14. Re1
Ng6 15. b4 Be6 16. Nb3 Qd7 17. Kh2 Ne4 18. Rf1 h5 19. Rc1 h4 20. g4 Ng5 21.
f4 Bxg4 22. fxg5 e4+ 23. Kg1 Bxh3 24. Nf4 Bg4 25. Qe1 h3 26. Bh1 dxc4 27.
Rxc4 Be6 28. Nc5 Qd8 29. Ncxe6 h2+ 30. Kf2 fxe6 31. Nh3 Be5 32. Bxe4 Qd6
33. Kg2 Rf8 34. Rxf8+ Rxf8 35. Rxc6 Qd7 36. Rc2 Qf7 37. Rf2 1-0

[Event "21st Open"]
[Site "Reykjavik ISL"]
[Date "2004.03.08"]
[Round "2"]
[White "Schmaltz,R"]
[Black "Halldorsson,J"]
[Result "1-0"]
[WhiteElo "2527"]
[BlackElo "2200"]
[EventDate "2004.03.07"]

1. e4 e6 2. d4 d5 3. Nc3 Bb4 4. e5 c5 5. a3 Bxc3+ 6. bxc3 Qc7 7. Nf3 b6 8.
Bb5+ Bd7 9. Bd3 Ba4 10. O-O Ne7 11. Nh4 Nbc6 12. Be3 c4 13. Be2 O-O-O 14.
f4 g6 15. Bf2 h5 16. Nf3 Nf5 17. g3 Rdg8 18. Qd2 Kb8 19. Kg2 Qd7 20. h3 Qe8
21. g4 Ng7 22. Bh4 hxg4 23. hxg4 Rh7 24. Bf6 Qf8 25. Ng5 Rh6 26. Rh1 Rgh8
27. Rxh6 Rxh6 28. Nf3 Ne8 29. Bh4 Rh8 30. Bg3 Ng7 31. Ng5 Kb7 32. Bf3 Qe8
33. Rh1 Rxh1 34. Kxh1 Qh8+ 35. Kg2 Nd8 36. Qc1 Kc7 37. Qb2 a5 38. Bd1 Kb7
39. Nf3 Nc6 40. Bh4 Qh6 41. Kg3 Qh8 42. Ng5 Nd8 43. Qc1 Kc7 44. Nf3 Qh6 45.
Ne1 Nc6 46. Bf3 Ne8 47. Ng2 Ng7 48. Ne3 Qh7 49. Qh1 Qg8 50. Bf6 Ne8 51. Bg5
Kb7 52. Qh6 Qg7 53. Qxg7 Nxg7 54. Bh6 Ne8 55. f5 gxf5 56. gxf5 Kc7 57. Bh5
Nd8 58. Bg5 Ng7 59. Bxd8+ Kxd8 60. Bxf7 Ke7 61. Bxe6 Nxe6 1-0

[Event "21st Open"]
[Site "Reykjavik ISL"]
[Date "2004.03.08"]
[Round "2"]
[White "Kristjansson,S"]
[Black "Markus,R"]
[Result "1/2-1/2"]
[WhiteElo "2404"]
[BlackElo "2527"]
[EventDate "2004.03.07"]

1. e4 c5 2. Nf3 e6 3. d4 cxd4 4. Nxd4 a6 5. Nc3 Qc7 6. Bd3 Nf6 7. O-O Bc5
8. Nb3 Be7 9. f4 d6 10. Kh1 Nbd7 11. Qe1 b6 12. Bd2 Bb7 13. Qg3 g6 14. Rae1
O-O-O 15. e5 Nh5 16. Qe3 Kb8 17. exd6 Bxd6 18. Ne4 Be7 19. Qe2 Ka7 20. a4
f5 21. Nc3 Nc5 22. Nxc5 Bxc5 23. a5 b5 24. Be3 Qc6 25. Bxc5+ Qxc5 26. Qe3
Qxe3 27. Rxe3 Rhe8 28. Kg1 h6 29. g3 g5 30. fxg5 hxg5 31. Rfe1 Ng7 32. Re5
b4 33. Na4 b3 34. Nc5 bxc2 35. Bxc2 Bd5 36. Bd3 Rb8 37. Nxa6 Rb3 38. Nc5
Rxb2 39. R5e2 Rxe2 40. Rxe2 e5 41. Rd2 Rc8 42. Be4 1/2-1/2

[Event "21st Open"]
[Site "Reykjavik ISL"]
[Date "2004.03.08"]
[Round "2"]
[White "Kjartansson,G"]
[Black "Bjornsson,S"]
[Result "1-0"]
[WhiteElo "2162"]
[BlackElo "2337"]
[EventDate "2004.03.07"]

1. e4 e5 2. Nf3 Nc6 3. Bb5 a6 4. Bxc6 dxc6 5. O-O Qd6 6. Na3 Be6 7. Qe2 b5
8. Rd1 c5 9. c3 Bg4 10. h3 Bh5 11. d4 exd4 12. cxd4 c4 13. Nc2 c6 14. d5
cxd5 15. Rxd5 Bxf3 16. Qxf3 Qg6 17. a4 b4 18. Bd2 Ne7 19. Rg5 Qe6 20. Nxb4
f6 21. Ra5 Ng6 22. e5 Rb8 23. Nxa6 Rc8 24. exf6 Qxf6 25. Re1+ Be7 26. Qxf6
gxf6 27. Nb4 Kf7 28. Nd5 Rhd8 29. Bc3 Bc5 30. Nxf6 Nf4 31. Ng4 h5 32. Ne5+
Kg8 33. Re4 Rd1+ 34. Kh2 Nd3 35. Rxc4 Rc7 36. g3 Nxe5 37. Bxe5 Rf7 38. Ra8+
Kh7 39. f4 Rfd7 40. Rc2 Kg6 41. Ra6+ Kf5 42. Re2 Be7 43. Bc3 R1d5 44. Rae6
1-0

[Event "21st Open"]
[Site "Reykjavik ISL"]
[Date "2004.03.08"]
[Round "2"]
[White "Pavlovic,Mi"]
[Black "Hagesaether,E"]
[Result "1-0"]
[WhiteElo "2548"]
[BlackElo "2194"]
[EventDate "2004.03.07"]

1. d4 g6 2. Nf3 Nf6 3. c4 Bg7 4. g3 O-O 5. Bg2 d6 6. O-O Nbd7 7. Nc3 e5 8.
h3 Re8 9. dxe5 Nxe5 10. Nxe5 dxe5 11. Qxd8 Rxd8 12. Bg5 Rd4 13. e3 Rxc4 14.
Rfd1 Be6 15. Bxb7 Rb8 16. Bxf6 Bxf6 17. Bd5 Bxd5 18. Nxd5 Bd8 19. b3 Rc5
20. Rac1 Rxc1 21. Rxc1 Rb7 22. b4 Kf8 23. Rc6 a5 24. Rc4 axb4 25. Rxb4 Rxb4
26. Nxb4 Ke8 27. Kf1 Kd7 28. e4 Kd6 29. Nd3 f6 30. Ke2 Kc6 31. a4 Be7 32.
Kd2 Kb6 33. Kc3 c6 34. f3 Ka5 35. Kb3 Kb6 36. Kc4 Ka5 37. Nc5 g5 38. Nd7
Kxa4 39. Nb8 c5 40. Na6 Ka3 41. Nxc5 Kb2 42. Nd7 Kc2 43. Kd5 Kd3 44. Ke6
Bd8 45. Nxf6 Ke3 46. Kxe5 Kxf3 47. g4 h6 48. Ng8 Kg3 49. Nxh6 Kxh3 50. Kf5
1-0

[Event "21st Open"]
[Site "Reykjavik ISL"]
[Date "2004.03.08"]
[Round "2"]
[White "Pedersen,NV"]
[Black "Bjornsson,T"]
[Result "1-0"]
[WhiteElo "2510"]
[BlackElo "2256"]
[EventDate "2004.03.07"]

1. d4 e6 2. c4 c5 3. Nf3 cxd4 4. Nxd4 Nc6 5. g3 Nf6 6. Bg2 a6 7. O-O Qb6 8.
e3 Be7 9. Nc3 O-O 10. Na4 Qa7 11. b3 d5 12. cxd5 Nxd4 13. Qxd4 Nxd5 14. Bb2
Bf6 15. Qxa7 Rxa7 16. Bxf6 Nxf6 17. Nb6 Nd7 18. Nxc8 Rxc8 19. Rac1 Rxc1 20.
Rxc1 b5 21. Rc8+ Nf8 22. Kf1 f5 23. Ke2 Kf7 24. f4 Nd7 25. e4 fxe4 26. Bxe4
g6 27. Kd3 e5 28. fxe5 Nxe5+ 29. Kd4 Ng4 30. Rc2 Nf6 31. Bc6 Ke7 32. Kc5
Nd7+ 33. Kb4 Ne5 34. Ka5 Kd6 35. Be4 Nd7 36. Bg2 Ne5 37. Kb6 Rf7 38. Kxa6
Rf5 39. Kxb5 Nc6+ 40. Kb6 Nd4 41. Rd2 Ke5 42. Kc5 Ne6+ 43. Kc4 1-0

[Event "21st Open"]
[Site "Reykjavik ISL"]
[Date "2004.03.08"]
[Round "2"]
[White "Luther,T"]
[Black "Thorhallsson,T"]
[Result "1-0"]
[WhiteElo "2572"]
[BlackElo "2459"]
[EventDate "2004.03.07"]

1. e4 c5 2. Nf3 Nc6 3. d4 cxd4 4. Nxd4 Qb6 5. Nb3 Nf6 6. Nc3 e6 7. a3 d6 8.
Bf4 Ne5 9. Be3 Qc7 10. f4 Nc6 11. Bd3 Be7 12. O-O a6 13. Qf3 O-O 14. Nd4
Nxd4 15. Bxd4 e5 16. Be3 exf4 17. Qxf4 Be6 18. Nd5 Bxd5 19. exd5 g6 20. Qd4
Nd7 21. Bh6 Ne5 22. Bxf8 Bxf8 23. Kh1 Bg7 24. Qb4 h5 25. Be2 Kh7 26. c3 f5
27. Bxh5 gxh5 28. Rxf5 Kg8 29. Raf1 Qe7 30. Qe4 Qe8 31. Qh4 Rc8 32. Rxh5
Qb5 33. Rhf5 Qxd5 34. Qe7 Qc4 35. R5f4 Qd5 36. Rd4 Qa2 37. c4 Rxc4 38. Qe6+
Kh7 39. Rh4+ 1-0

[Event "21st Open"]
[Site "Reykjavik ISL"]
[Date "2004.03.08"]
[Round "2"]
[White "Johnsen,Sy"]
[Black "Hardarson,R"]
[Result "1-0"]
[WhiteElo "2083"]
[BlackElo "2307"]
[EventDate "2004.03.07"]

1. c4 c5 2. Nc3 Nc6 3. Nf3 e5 4. d3 g6 5. g3 Bg7 6. Bg2 d6 7. O-O Nge7 8.
Ne1 O-O 9. Nc2 f5 10. f4 Rb8 11. Rb1 a5 12. a3 Kh8 13. Bd2 b6 14. b4 axb4
15. axb4 exf4 16. gxf4 Be6 17. Nd5 Nd4 18. Nce3 b5 19. Kh1 bxc4 20. dxc4
cxb4 21. Rxb4 Nec6 22. Ra4 Rb2 23. Nb4 Nxb4 24. Rxb4 Rxb4 25. Bxb4 Qb6 26.
Bc3 Qc5 27. Qa1 Bxc4 28. Nxc4 Qxc4 29. e3 Ne6 30. Rc1 Qd3 31. Bxg7+ Nxg7
32. Rc7 Rg8 33. Re7 d5 34. Rd7 Qxe3 35. Bxd5 Qe8 36. Ra7 Qe3 37. Rxg7 1-0

[Event "21st Open"]
[Site "Reykjavik ISL"]
[Date "2004.03.08"]
[Round "2"]
[White "Kjartansson,O"]
[Black "Bergsson,Sn"]
[Result "0-1"]
[WhiteElo "2034"]
[BlackElo "2270"]
[EventDate "2004.03.07"]

1. d4 d5 2. c4 dxc4 3. Nc3 a6 4. a4 Nc6 5. d5 Na5 6. Nf3 e6 7. e4 exd5 8.
Qxd5 Qxd5 9. Nxd5 Bd6 10. Bd2 Nb3 11. Ra2 Nxd2 12. Nxd2 Be6 13. Nxc4 Bxd5
14. Nxd6+ Kd7 15. exd5 Kxd6 16. b3 Nf6 17. Bc4 b5 18. Be2 Nxd5 19. O-O Nc3
20. Rd2+ Kc5 21. Rc1 b4 22. Rd7 Rhf8 23. Bf3 c6 24. Re1 Rae8 25. Kf1 Rxe1+
26. Kxe1 g6 27. Rc7 Re8+ 28. Kd2 Rd8+ 29. Kc2 Rd6 30. Rxf7 h6 31. Rf4 a5
32. h4 Nd5 33. Rf8 Rf6 34. Rxf6 Nxf6 35. Kd3 Kd6 36. Kd4 Nd7 37. Be4 Nc5
38. Bc2 Ne6+ 39. Ke3 g5 40. hxg5 hxg5 41. Ke4 c5 42. Bd3 Nd4 43. Bc4 Nc6
44. Kf5 Ne5 45. Bg8 c4 46. bxc4 Nd3 47. f3 Kc5 48. Kxg5 b3 49. Bh7 Kd4 50.
c5 b2 51. c6 b1=Q 52. Be4 Qc1+ 53. Kf6 Ne5 0-1

[Event "21st Open"]
[Site "Reykjavik ISL"]
[Date "2004.03.08"]
[Round "2"]
[White "Thorarinsson,P"]
[Black "Gretarsdottir,L"]
[Result "1/2-1/2"]
[WhiteElo "2278"]
[BlackElo "2071"]
[EventDate "2004.03.07"]

1. d4 d5 2. c4 c6 3. Nf3 Nf6 4. Nc3 dxc4 5. a4 Bf5 6. e3 e6 7. Bxc4 Bb4 8.
O-O O-O 9. Nh4 Bg4 10. f3 Bh5 11. g4 Bg6 12. Nxg6 hxg6 13. Qb3 Qe7 14. Na2
Ba5 15. Qc2 c5 16. dxc5 Qxc5 17. b4 Bxb4 18. Nxb4 Qxb4 19. Ba3 Qb6 20. Bxf8
Qxe3+ 21. Qf2 Qxf2+ 22. Kxf2 Kxf8 23. Rfb1 b6 24. a5 bxa5 25. Rxa5 Nbd7 26.
g5 Ne8 27. Bb5 Nb6 28. Bxe8 Rxe8 29. Rxa7 Nd5 30. Rbb7 Ne7 31. Kg2 f6 32.
gxf6 gxf6 33. Kh3 Kf7 34. Kg4 e5 35. h3 Kf8 36. Ra6 Kg7 37. Kg3 g5 38. Kf2
Kg6 39. Re6 Kf7 40. Rbb6 Ng8 41. Rxe8 Kxe8 42. Rb7 Ne7 43. Ra7 Kf7 44. Ke3
Ke6 45. Ke4 Kf7 46. Ke3 Ke6 47. Kf2 Ng6 48. Kg3 Kf5 49. Ra4 Nh4 50. Rb4 Ng6
51. Rb6 Nh4 1/2-1/2

[Event "21st Open"]
[Site "Reykjavik ISL"]
[Date "2004.03.08"]
[Round "2"]
[White "Thorsteinsson,E"]
[Black "Bjarnason,S"]
[Result "1/2-1/2"]
[WhiteElo "2138"]
[BlackElo "2329"]
[EventDate "2004.03.07"]

1. Nf3 Nf6 2. d4 e6 3. Nbd2 c5 4. e3 Nc6 5. c3 d5 6. Bd3 Bd6 7. Qe2 O-O 8.
O-O g6 9. dxc5 Bxc5 10. b4 Bb6 11. Bb2 Re8 12. b5 Na5 13. c4 Bc5 14. e4 Nh5
15. Ne5 d4 16. Bb1 Bf8 17. Ndf3 f6 18. Nd3 e5 19. Nd2 Be6 20. f4 Nxc4 21.
f5 Bf7 22. fxg6 hxg6 23. Nxc4 Bxc4 24. Qg4 Kh7 25. Bc1 Bxb5 26. a4 Bd7 27.
Qe2 Bh6 28. Bxh6 Kxh6 29. Qd2+ Kh7 30. Bc2 g5 31. Rab1 b6 32. Qf2 Kg6 33.
Bd1 Ng7 34. Rc1 Be6 35. Rc6 Qd7 1/2-1/2

[Event "21st Open"]
[Site "Reykjavik ISL"]
[Date "2004.03.09"]
[Round "3"]
[White "Kononenko,T"]
[Black "Johnsen,Sy"]
[Result "1-0"]
[WhiteElo "2353"]
[BlackElo "2083"]
[EventDate "2004.03.07"]

1. d4 g6 2. c4 Nf6 3. Nc3 Bg7 4. e4 d6 5. f3 O-O 6. Be3 e5 7. d5 c6 8. Bd3
Nbd7 9. Nge2 Qa5 10. a3 Nh5 11. O-O f5 12. exf5 gxf5 13. Bxf5 Rxf5 14. g4
Rf4 15. gxh5 Rxc4 16. dxc6 Rxc6 17. h6 Bh8 18. Nd5 Kf7 19. Nec3 Nf8 20. f4
Ng6 21. f5 Nf4 22. Bxf4 exf4 23. Qh5+ Kf8 24. Qg5 Bd4+ 25. Kh1 Bd7 26. Qe7+
Kg8 27. Nf6+ Bxf6 28. Rg1+ 1-0

[Event "21st Open"]
[Site "Reykjavik ISL"]
[Date "2004.03.09"]
[Round "3"]
[White "Krasenkow,M"]
[Black "Olafsson,H1"]
[Result "1-0"]
[WhiteElo "2609"]
[BlackElo "2504"]
[EventDate "2004.03.07"]

1. d4 Nf6 2. c4 e6 3. Nf3 d5 4. Nc3 dxc4 5. e4 Bb4 6. Bg5 c5 7. Bxc4 cxd4
8. Nxd4 Bxc3+ 9. bxc3 Qa5 10. Bb5+ Bd7 11. Bxf6 gxf6 12. Qb3 Bxb5 13. Nxb5
O-O 14. O-O Nc6 15. c4 Rad8 16. c5 Nd4 17. Nxd4 Rxd4 18. Qg3+ Kh8 19. Qf4
Kg7 20. Rac1 Rc8 21. Qg4+ Kh8 22. Qh5 Kg7 23. e5 f5 24. Qg5+ Kf8 25. h3
Rxc5 26. Rxc5 Qxc5 27. Rc1 Rc4 28. Qd8+ Kg7 29. Rd1 1-0

[Event "21st Open"]
[Site "Reykjavik ISL"]
[Date "2004.03.09"]
[Round "3"]
[White "Halldorsson,J"]
[Black "Kjartansson,O"]
[Result "1/2-1/2"]
[WhiteElo "2200"]
[BlackElo "2034"]
[EventDate "2004.03.07"]

1. d4 d5 2. c4 e6 3. Nc3 Nf6 4. cxd5 exd5 5. Bg5 Be7 6. e3 O-O 7. Bd3 b6 8.
Nf3 h6 9. Bh4 Bb7 10. O-O Nbd7 11. Rc1 Ne4 12. Bxe7 Qxe7 13. Bxe4 dxe4 14.
Nd2 c5 15. Qe2 1/2-1/2

[Event "21st Open"]
[Site "Reykjavik ISL"]
[Date "2004.03.09"]
[Round "3"]
[White "Votava,J"]
[Black "Epishin,V"]
[Result "1/2-1/2"]
[WhiteElo "2505"]
[BlackElo "2633"]
[EventDate "2004.03.07"]

1. d4 Nf6 2. c4 e6 3. g3 Bb4+ 4. Bd2 Be7 5. Bg2 d5 6. Qc2 O-O 7. Nf3 c6 8.
O-O b6 9. cxd5 cxd5 10. Ne5 Bb7 11. Rc1 Nbd7 12. Qc7 Ba6 13. Qxd8 Rfxd8 14.
Nxd7 Nxd7 15. e3 Rac8 1/2-1/2

[Event "21st Open"]
[Site "Reykjavik ISL"]
[Date "2004.03.09"]
[Round "3"]
[White "Maack,K"]
[Black "Sigurdsson,J"]
[Result "1/2-1/2"]
[WhiteElo "2176"]
[BlackElo "2002"]
[EventDate "2004.03.07"]

1. f4 d5 2. Nf3 g6 3. g3 Bg7 4. Bg2 Nh6 5. e3 Nd7 6. d3 O-O 7. O-O c6 8. c3
Qb6 9. Kh1 Ng4 10. Qe2 e5 11. e4 dxe4 1/2-1/2

[Event "21st Open"]
[Site "Reykjavik ISL"]
[Date "2004.03.09"]
[Round "3"]
[White "Thorsteinsson,T"]
[Black "Schmaltz,R"]
[Result "1/2-1/2"]
[WhiteElo "2278"]
[BlackElo "2527"]
[EventDate "2004.03.07"]

1. d4 Nf6 2. c4 g6 3. Nc3 Bg7 4. e4 d6 5. Nf3 O-O 6. Be2 e5 7. dxe5 dxe5 8.
Qxd8 Rxd8 9. Bg5 c6 10. Nxe5 Re8 11. O-O-O Na6 12. f4 h6 13. Bh4 g5 14. Bg3
Nc5 15. Bf3 g4 16. Bf2 gxf3 17. Bxc5 fxg2 18. Rhg1 Nh5 19. Be3 Bh3 20. Rd3
Rad8 21. Rxd8 Rxd8 22. Nd1 Bxe5 23. fxe5 Kh7 24. Nf2 Be6 25. b3 Rg8 26. Kd2
b5 27. Kc3 a5 28. Kd4 bxc4 29. bxc4 Rb8 30. Nd3 Rd8+ 31. Kc3 Rg8 32. Kd4 a4
33. Kc3 a3 34. Bc1 Rg4 35. Nf2 Rg8 36. Nd3 f6 37. exf6 Nxf6 38. Nf4 Nxe4+
39. Kd4 Ng5 40. Rxg2 Bf7 1/2-1/2

[Event "21st Open"]
[Site "Reykjavik ISL"]
[Date "2004.03.09"]
[Round "3"]
[White "Bjornsson,T"]
[Black "Thorfinnsson,Br"]
[Result "0-1"]
[WhiteElo "2256"]
[BlackElo "2380"]
[EventDate "2004.03.07"]

1. e4 c5 2. c3 Nf6 3. e5 Nd5 4. d4 cxd4 5. Nf3 Nc6 6. cxd4 d6 7. Bc4 Nb6 8.
Bb3 d5 9. O-O Bg4 10. Be3 e6 11. Nbd2 Qd7 12. h3 Bh5 13. g4 Bg6 14. Nh4 Be7
15. Nxg6 hxg6 16. Kg2 O-O-O 17. f4 Kb8 18. Rc1 Na5 19. Qe2 f5 20. exf6 gxf6
21. Qd3 Qe8 22. Bd1 Bd6 23. Be2 a6 24. b3 Nc6 25. Nf3 Ba3 26. Rce1 Nc8 27.
g5 Nd6 28. gxf6 Ne4 29. Ne5 Nb4 30. Qd1 Nxf6 31. Bf3 Rc8 32. Re2 Rh7 33.
Nd3 Nc6 34. Rc2 Ne7 35. Rxc8+ Qxc8 36. b4 Nf5 37. Bf2 a5 38. bxa5 Ne4 39.
Qb3 Bd6 40. Rc1 Rc7 41. Rxc7 Qxc7 42. Bxe4 dxe4 43. Nc5 Bxc5 44. dxc5 Qc6
45. Be3 Qd5 46. Kf2 Nxe3 47. Kxe3 Qxc5+ 48. Kxe4 Qf5+ 49. Ke3 Qxh3+ 50. Kd4
Qf5 51. Qg3 Kc7 52. Qh4 Kc6 53. Qh6 Kd6 54. Kc4 Qc5+ 55. Kb3 Qb5+ 56. Kc3
Qxa5+ 57. Kb3 Qd5+ 58. Kb2 Qd2+ 59. Kb3 Qd3+ 60. Kb2 Qb5+ 61. Kc3 Qc6+ 62.
Kb3 Qd5+ 63. Kb2 Qf5 64. Kb3 Kc5 65. Qh4 Kd4 66. a4 Ke4 67. Qg3 b6 68. Kc3
Qc5+ 69. Kd2 Qd4+ 70. Ke2 Qc4+ 71. Kd2 Qb4+ 72. Ke2 Qb2+ 73. Ke1 Qb1+ 74.
Ke2 Kd5 75. Qg5+ Kc4 76. Qe5 Qd3+ 77. Kf2 Qd4+ 0-1

[Event "21st Open"]
[Site "Reykjavik ISL"]
[Date "2004.03.09"]
[Round "3"]
[White "Gretarsdottir,L"]
[Black "Sigfusson,S"]
[Result "0-1"]
[WhiteElo "2071"]
[BlackElo "2285"]
[EventDate "2004.03.07"]

1. e4 e5 2. Nf3 Nc6 3. Bc4 Nf6 4. d3 h6 5. O-O d6 6. Re1 g6 7. c3 Bg7 8.
Nbd2 O-O 9. Nf1 Na5 10. Bb5 a6 11. Ba4 b5 12. Bc2 c5 13. d4 Qc7 14. b4 cxb4
15. cxb4 Nc6 16. d5 Nxb4 17. Bb3 a5 18. Ba3 Na6 19. Rc1 Qe7 20. Bb2 a4 21.
Bc2 Bd7 22. Bd3 Rfc8 23. Rxc8+ Rxc8 24. Qe2 Qe8 25. Ba3 Nc5 26. N1d2 Bf8
27. Rb1 Nxd3 28. Qxd3 Rc7 29. Ne1 Qc8 30. Bb2 Qa8 31. a3 Rc5 32. f4 Qa7 33.
Kh1 Ng4 34. Qe2 Rxd5 35. h3 Qf2 0-1

[Event "21st Open"]
[Site "Reykjavik ISL"]
[Date "2004.03.09"]
[Round "3"]
[White "Atalik,S"]
[Black "Kristjansson,S"]
[Result "1-0"]
[WhiteElo "2554"]
[BlackElo "2404"]
[EventDate "2004.03.07"]

1. Nf3 Nf6 2. c4 e6 3. Nc3 d5 4. d4 Be7 5. Bg5 O-O 6. e3 a6 7. cxd5 exd5 8.
Bd3 Nbd7 9. O-O c6 10. Qc2 Re8 11. Rae1 Nf8 12. Ne5 N6d7 13. Bxe7 Qxe7 14.
f4 Qd6 15. Qf2 Nf6 16. h3 c5 17. e4 cxd4 18. Nxd5 Nxd5 19. exd5 b5 20. Qxd4
Bb7 21. Be4 Rad8 22. Rd1 f6 23. Nf3 Ng6 24. g3 Ne7 25. Rfe1 Kf8 26. Bxh7 g6
27. Nh4 Nxd5 28. Bxg6 Rxe1+ 29. Rxe1 Qc6 30. Rd1 1-0

[Event "21st Open"]
[Site "Reykjavik ISL"]
[Date "2004.03.09"]
[Round "3"]
[White "Korneev,O"]
[Black "Rogers,I"]
[Result "1/2-1/2"]
[WhiteElo "2566"]
[BlackElo "2582"]
[EventDate "2004.03.07"]

1. e4 c5 2. Nf3 Nc6 3. d4 cxd4 4. Nxd4 Nf6 5. Nc3 d6 6. Bg5 e6 7. Qd2 Be7
8. O-O-O O-O 9. h4 a6 10. f3 Nxd4 11. Qxd4 b5 12. g4 Qc7 13. Bxf6 Bxf6 14.
Qxd6 Qa7 15. g5 Be7 16. Qd4 Qxd4 17. Rxd4 Bc5 18. Rd3 Bb7 19. Bh3 Rfd8 20.
Rhd1 Rxd3 21. Rxd3 Kf8 22. a3 Ke7 23. f4 Rd8 24. Rxd8 Kxd8 25. Kd2 Ke7 26.
Kd3 Bf2 27. h5 e5 28. fxe5 Bg3 29. Kd4 Bf2+ 30. Kd3 Bg3 31. Nd5+ Bxd5 32.
exd5 Bxe5 33. c3 Kd6 34. Ke4 g6 35. Bc8 a5 36. Ba6 b4 37. cxb4 axb4 38. a4
Bxb2 39. a5 Bc1 40. Bc4 Bxg5 41. a6 Kc7 42. d6+ Kb6 43. Bxf7 1/2-1/2